Games on CardGames.io - Statistics

General Stats
  • This quiz has been taken 6 times
  • The average score is 19 of 40
Answer Stats
Hint Answer % Correct
Other Games Checkers
80%
Card Games Gin Rummy
80%
Card Games Hearts
80%
Card Games Rummy
80%
Card Games Spades
80%
Solitaires Addiction
60%
Solitaires Canfield Solitaire
60%
Other Games Chess
60%
Solitaires Clock Solitaire
60%
Card Games Crazy Eights
60%
Card Games Cribbage
60%
Card Games Euchre
60%
Card Games Go Fish
60%
Card Games Manni
60%
Card Games Oh Hell!
60%
Card Games Pinochle
60%
Other Games Sea Battle
60%
Solitaires Solitaire
60%
Solitaires Spider Solitaire
60%
Other Games Yahtzee
60%
Other Games Backgammon
40%
Other Games Farkle
40%
Solitaires FreeCell
40%
Card Games Idiot
40%
Card Games Lockup
40%
Solitaires Pyramid Solitaire
40%
Card Games Thirteen
40%
Other Games Triangles
40%
Solitaires Tri Peaks Solitaire
40%
Solitaires Yukon Solitaire
40%
Solitaires Crescent Solitaire
20%
Solitaires Golf Solitaire
20%
Solitaires Kings in the Corner
20%
Other Games Mahjong
20%
Other Games Minesweeper
20%
Other Games Reversi
20%
Solitaires Scorpion Solitaire
20%
Card Games Spit
20%
Other Games Sudoku
20%
Card Games Switch
20%
No matching quizzes found
Score Distribution
Percent of People with Each Score
Percentile by Number Answered
Your Score History
You have not taken this quiz